|
|
|
|
| LEADER |
00000nam0a2200000 4500 |
| 001 |
348650 |
| 005 |
20231102010129.0 |
| 035 |
|
|
|a (RuTPU)RU\TPU\retro\393
|
| 090 |
|
|
|a 348650
|
| 100 |
|
|
|a 20180305d1980 k y0rusy50 ca
|
| 101 |
0 |
|
|a rus
|
| 102 |
|
|
|a AM
|
| 105 |
|
|
|a a g 001zy
|
| 200 |
1 |
|
|a Вещества, действующие на симпато-адреналовую систему
|e [монография]
|e [справочное пособие]
|f О. М. Авакян
|g Академия наук Армянской ССР (АН АрмССР), Институт тонкой органической химии
|
| 210 |
|
|
|a Ереван
|c Изд-во АН АрмССР
|d 1980
|
| 215 |
|
|
|a 259 с.
|c ил.
|
| 300 |
|
|
|a Доп. тит. лист на армянском языке
|
| 320 |
|
|
|a Библиография в тексте
|
| 320 |
|
|
|a Предметный указатель: с. 234-248
|
| 606 |
1 |
|
|a Симпатикотропные средства
|x Медицина
|2 stltpush
|3 (RuTPU)RU\TPU\subj\54839
|9 72917
|
| 610 |
1 |
|
|a симпато-адреналовая система
|
| 610 |
1 |
|
|a адренергические вещества
|
| 610 |
1 |
|
|a симпатомиметики
|
| 610 |
1 |
|
|a агонисты
|
| 610 |
1 |
|
|a α-адренорецепторы
|
| 610 |
1 |
|
|a β-адренорецепторы
|
| 610 |
1 |
|
|a дофаминовые рецепторы
|
| 610 |
1 |
|
|a антиадренергические вещества
|
| 610 |
1 |
|
|a нейроны
|
| 610 |
1 |
|
|a катехоламины
|
| 610 |
1 |
|
|a блокаторы
|
| 610 |
1 |
|
|a биосинтез
|
| 610 |
1 |
|
|a метаболизм
|
| 610 |
1 |
|
|a ароматические аминокислоты
|
| 610 |
1 |
|
|a моноаминоксидазы
|
| 610 |
1 |
|
|a лекарственные вещества
|
| 610 |
1 |
|
|a химическая технология
|
| 610 |
1 |
|
|a монографии
|
| 610 |
1 |
|
|a справочные пособия
|
| 675 |
|
|
|a 615(035)
|v 4
|
| 700 |
|
1 |
|a Авакян
|b О. М.
|g Ованес Мнацаканович
|
| 712 |
0 |
2 |
|a Академия наук Армянской ССР (АН АрмССР)
|b Институт тонкой органической химии
|2 stltpush
|3 (RuTPU)RU\TPU\col\12584
|
| 801 |
|
1 |
|a RU
|b 63413507
|c 20180305
|
| 801 |
|
2 |
|a RU
|b 63413507
|c 20180305
|g RCR
|
| 942 |
|
|
|c BK
|